NFL Top 100 All-Time: Tackles - Statistics

General Stats
  • This quiz has been taken 391 times
    44 since last reset
  • The average score is 27 of 100
Answer Stats
# Player Tackles % Correct
27 Mo Lewis 1,232
97%
1 Ray Lewis 2,059
97%
T28 Bruce Smith 1,224
74%
69 Daryl Smith 1,088
74%
T46 Dennis Smith 1,158
74%
63 Derek Smith 1,098
74%
T41 Harrison Smith 1,180
74%
3 Bobby Wagner 2,000
68%
45 Derrick Johnson 1,171
68%
T28 Mike Johnson 1,224
68%
68 Pepper Johnson 1,090
68%
58 Reggie White 1,111
68%
36 D'Qwell Jackson 1,192
65%
T41 Rickey Jackson 1,180
65%
67 Chad Brown 1,091
59%
35 Darrell Green 1,202
59%
94 Victor Green 977
59%
59 David Harris 1,110
56%
89 Henry Thomas 1,006
56%
6 Zach Thomas 1,734
56%
21 Brian Urlacher 1,361
53%
66 Luke Kuechly 1,092
53%
34 Rodney Harrison 1,206
53%
11 Demario Davis 1,536
50%
8 Derrick Brooks 1,713
50%
T82 Marvin Jones 1,029
50%
87 Michael Brooks 1,016
50%
32 Thomas Davis 1,216
50%
T30 Charles Woodson 1,220
47%
2 London Fletcher 2,039
47%
T46 Rod Woodson 1,158
47%
50 Ronnie Lott 1,146
47%
49 Brian Dawkins 1,147
41%
7 Lavonte David 1,716
41%
4 Junior Seau 1,847
35%
39 Steve Atwater 1,188
35%
9 Clay Matthews 1,595
32%
24 Sam Mills 1,265
32%
76 John Lynch 1,059
29%
26 Ronde Barber 1,251
24%
T56 Bill Romanowski 1,118
21%
T79 Wilber Marshall 1,043
21%
T37 Cornelius Bennett 1,190
18%
T41 Eric Kendricks 1,180
18%
40 Lance Briggs 1,181
18%
T30 Mike Peterson 1,220
18%
T79 Nick Barnett 1,043
18%
70 C.J. Mosley 1,083
15%
12 Donnie Edwards 1,501
15%
19 Eugene Robinson 1,413
15%
10 Hardy Nickerson 1,586
15%
60 Keith Bulluck 1,109
15%
91 Marty Carter 1,003
15%
85 Budda Baker 1,021
12%
T99 Devin McCourty 971
12%
43 Eric Weddle 1,179
12%
74 Foyesade Oluokun 1,070
12%
5 Jessie Tuggle 1,805
12%
23 Ken Norton Jr. 1,272
12%
93 K.J. Wright 992
12%
78 Malcolm Jenkins 1,044
12%
61 Chad Greenway 1,103
9%
25 Darryl Talley 1,252
9%
T79 Eric Hill 1,043
9%
T56 Karl Mecklenburg 1,118
9%
T14 Keith Brooking 1,440
9%
75 Lawrence Timmons 1,067
9%
84 Levon Kirkland 1,026
9%
73 Tedy Bruschi 1,074
9%
65 Antoine Winfield 1,094
6%
96 Chris Doleman 975
6%
20 Chris Spielman 1,363
6%
64 Greg Biekert 1,096
6%
T14 James Farrior 1,440
6%
T99 Jessie Armstead 971
6%
97 Jordan Poyer 974
6%
18 Karlos Dansby 1,422
6%
13 Kyle Clifton 1,484
6%
33 Paul Posluszny 1,214
6%
22 Antoine Bethea 1,333
3%
71 Duane Bickett 1,079
3%
90 Jack Del Rio 1,005
3%
98 Kevin Byard 972
3%
92 Monte Coleman 1,002
3%
77 Sammy Knight 1,048
3%
95 Scott Case 976
3%
55 Seth Joyner 1,123
3%
T82 Gary Plummer 1,029
0%
48 Jeff Herrod 1,156
0%
62 Kevin Ross 1,099
0%
16 Lawyer Milloy 1,439
0%
T37 Marvcus Patton 1,190
0%
54 Michael Barrow 1,124
0%
72 Robert Griffith 1,076
0%
T52 Roman Phifer 1,135
0%
88 Ronald McKinnon 1,011
0%
T52 Roquan Smith 1,135
0%
17 Takeo Spikes 1,431
0%
86 Tim Krumrie 1,017
0%
51 Tim McDonald 1,139
0%
No matching quizzes found
Score Distribution
Percent of People with Each Score
Percentile by Number Answered
Your Score History
You have not taken this quiz since the last reset